|
|
|
|
| LEADER |
01244ncm a22003012a 4500 |
| 001 |
001085663 |
| 003 |
CZ BrMZK |
| 005 |
20220909104724.0 |
| 007 |
qu |
| 008 |
960101s1963 gw f ger d |
| 040 |
|
|
|a BOA001
|b cze
|
| 072 |
|
7 |
|a 784
|x Vokální hudba
|2 Konspekt
|9 9
|
| 100 |
1 |
|
|a Porter, Cole,
|d 1891-1964
|7 jn20011018377
|4 cmp
|
| 245 |
1 |
0 |
|a Night and day
|h [hudebnina] :
|b foxtrot /
|c Cole Porter ; deutscher Text Loraine Hillman ; arrang. Joachim Dannenberg. --dann is mein Gluck gemach! : foxtrot / Gerd Natschinski ; Text Jürgen Dagenhardt ; arrang. Wolfram Schöne
|
| 260 |
|
|
|a Berlin :
|b Lied der Zeit, Musikverlag,
|c 1963
|
| 300 |
|
|
|a 5 hlasů
|
| 490 |
1 |
|
|a Standard Serie ;
|v kleine Ausgabe 123
|
| 700 |
1 |
|
|a Hillmann, Loraine
|7 mzk2011634054
|4 lyr
|
| 700 |
1 |
|
|a Dannenberg, Joachim
|7 mzk2011651300
|4 arr
|
| 700 |
1 |
|
|a Natschinski, Gerd,
|d 1928-
|7 mzk2010597475
|4 cmp
|
| 700 |
1 |
|
|a Degenhardt, Jürgen
|7 mzk2010583753
|4 lyr
|
| 700 |
1 |
|
|a Schöne, Wolfram,
|d 1925-
|7 mzk2010597476
|4 arr
|
| 740 |
0 |
2 |
|a --dann ist mein Glück gemacht!
|
| 830 |
|
0 |
|a Standard Serie
|
| 910 |
|
|
|a BOA001
|b Mus2-0694.969
|
| 990 |
|
|
|a MU
|
| 991 |
|
|
|b 201002
|
| 996 |
6 |
|
|b 2619439610
|c Mus2-0694.969
|l MZK
|r Sklad / do 1 hodiny
|n 0
|w 001108809
|u 000010
|a 1
|e BOA001
|j MZK50
|s P
|